000 003760000a22001450004500
003 MACL
040 _aMACL
090 _c44962
_d44960
100 _aPati Odile Schwarz-Herion, R. N
245 _aSustainable Development
_bIssues and Perspectives
260 _aNew Delhi
_bD. K Printworld
_c2007
650 _aSocial Problem
942 _cBOOK
_k363/ PAT
951 _o363/ PAT BOOK
999 _c44501
_d44501